000 00677cam a22002537a 4500
003 CHAP
005 20220329141713.0
008 971013s1973 r 00010 d
010 _a72526
011 _a73498
035 _a83055
040 _cCHAP
082 _a633.71
_bA4y
100 0 0 _aAkehurst, Basil Clifford.
_93273
245 1 3 _aEl tabaco
260 _aBarcelona :
_bLaboar,
_c1973
300 _a682 p.
_b: láms.
590 _aBATCH-UPD
_b10
_c20130110
_lUCH01
_h2214
590 _aCONVERSION
_b10
_c20130109
_lUCH01
_h1340
650 1 4 _aTabaco.
_9111196
901 _aBK
942 _cLIBRO
949 _a633.71 A4y
_bBC
_cLIBRO
_d33724000828539
_eLIBRO
_h37950
_i83055
_si
999 _c72526
_d72526